[Event "Wch U12 blitz"]
[Site "Batumi"]
[Date "2023.06.11"]
[Round "10"]
[White "Bokhodirov, Abdulkodir"]
[Black "Gabadadze, Gabriel"]
[Result "1-0"]
[WhiteElo "1747"]
[BlackElo "1601"]
[PlyCount "87"]
[EventDate "2023.06.10"]
[EventType "swiss (blitz)"]
[EventRounds "11"]
[EventCountry "GEO"]
[SourceTitle "EXT 2024"]
[Source "ChessBase"]
[SourceDate "2023.10.10"]
[SourceVersion "1"]
[SourceVersionDate "2023.10.10"]
[SourceQuality "1"]
[WhiteTeam "Uzbekistan"]
[BlackTeam "Georgia"]
[WhiteTeamCountry "UZB"]
[BlackTeamCountry "GEO"]

1. d4 Nf6 2. c4 e6 3. Nf3 b6 4. g3 Bb4+ 5. Bd2 Bxd2+ 6. Qxd2 Ba6 7. Qc2 0-0 8. Bg2 d5 9. Nbd2 Qd6 10. 0-0 Nbd7 11. Rac1 c5 12. Qa4 Bb7 13. cxd5 exd5 14. Rfd1 Qc7 15. dxc5 bxc5 16. Nb3 Ne4 17. Nfd2 Nef6 18. Qa3 Rac8 19. Nxc5 Nxc5 20. b4 Qe5 21. bxc5 Qxe2 22. Qxa7 Ba8 23. Nb3 Rfe8 24. Nd4 Qe5 25. a4 Rc7 26. Qa5 h6 27. Nb5 Rce7 28. Nd6 Rb8 29. Re1 Qb2 30. Rxe7 Qxc1+ 31. Re1 Qc2 32. Qa7 Qb2 33. Qxf7+ Kh7 34. Nf5 Rb7 35. Qf8 Nd7 36. Qxa8 Qd2 37. Qxb7 Qxe1+ 38. Bf1 Qe6 39. Nd4 Qg4 40. c6 Ne5 41. c7 Qxd4 42. Qb1+ g6 43. c8Q Nf3+ 44. Kg2 1-0

[Event "Wch U12 rapid"]
[Site "Batumi"]
[Date "2023.06.07"]
[Round "7"]
[White "Bokhodirov, Abdulkodir"]
[Black "Korelskiy, Egor"]
[Result "0-1"]
[WhiteElo "1688"]
[BlackElo "2140"]
[PlyCount "37"]
[EventDate "2023.06.06"]
[EventType "swiss (rapid)"]
[EventRounds "11"]
[EventCountry "GEO"]
[SourceTitle "EXT 2024"]
[Source "ChessBase"]
[SourceDate "2023.10.10"]
[SourceVersion "1"]
[SourceVersionDate "2023.10.10"]
[SourceQuality "1"]
[WhiteTeam "Uzbekistan"]
[BlackTeam "FIDE"]
[WhiteTeamCountry "UZB"]

1. g3 d5 2. Bg2 Nf6 3. c4 e6 4. Qb3 c6 5. d3 Nbd7 6. Bg5 Be7 7. Nc3 h6 8. Bxf6 Bxf6 9. Nf3 0-0 10. 0-0 b6 11. cxd5 cxd5 12. Rac1 Bb7 13. d4 a6 14. Rfe1 Rc8 15. e3 Be7 16. Ne2 Bd6 17. Rc3 Rxc3 18. bxc3 b5 19. Nd2 0-1

[Event "Wch U12 rapid"]
[Site "Batumi"]
[Date "2023.06.07"]
[Round "4"]
[White "Tulendinov, Dinmukhammed"]
[Black "Bokhodirov, Abdulkodir"]
[Result "1-0"]
[WhiteElo "1930"]
[BlackElo "1688"]
[PlyCount "165"]
[EventDate "2023.06.06"]
[EventType "swiss (rapid)"]
[EventRounds "11"]
[EventCountry "GEO"]
[SourceTitle "EXT 2024"]
[Source "ChessBase"]
[SourceDate "2023.10.10"]
[SourceVersion "1"]
[SourceVersionDate "2023.10.10"]
[SourceQuality "1"]
[WhiteTeam "Kazakhstan"]
[BlackTeam "Uzbekistan"]
[WhiteTeamCountry "KAZ"]
[BlackTeamCountry "UZB"]

1. e4 e6 2. d4 d5 3. Nd2 Nf6 4. e5 Nfd7 5. Bd3 c5 6. c3 Nc6 7. Ne2 cxd4 8. cxd4 f6 9. exf6 Nxf6 10. 0-0 Bd6 11. Nf3 0-0 12. Bf4 Bxf4 13. Nxf4 Ne4 14. Qc1 Ng5 15. Nxg5 Qxg5 16. Ne2 Qxc1 17. Raxc1 a6 18. f4 Bd7 19. g3 Rac8 20. Bb1 Na5 21. Kf2 Bb5 22. Rxc8 Rxc8 23. Rc1 Rc6 24. Rc3 Bxe2 25. Kxe2 g6 26. Rxc6 Nxc6 27. Ke3 Kf7 28. g4 b5 29. Bd3 Ne7 30. a4 bxa4 31. Bxa6 Nc6 32. Bb5 Na5 33. Kd3 Kf6 34. Bxa4 Nc4 35. b3 Nb6 36. Bc6 g5 37. Ke3 h6 38. h3 Kg6 39. Kf3 Kf6 40. Kg3 Nc8 41. b4 Nb6 42. b5 Nc4 43. h4 Nb6 44. fxg5+ hxg5 45. h5 Nc4 46. Kf3 Nb6 47. Ke3 Nc4+ 48. Kd3 Nb6 49. Kc3 e5 50. dxe5+ Kxe5 51. Kb4 d4 52. h6 Kf6 53. Kc5 Na4+ 54. Kxd4 Kg6 55. Be4+ Kxh6 56. Bc2 Nb6 57. Kc5 Nd7+ 58. Kd6 Nb6 59. Kc6 Nc4 60. b6 Na5+ 61. Kc7 Kg7 62. b7 Nxb7 63. Kxb7 Kf6 64. Bf5 Ke5 65. Kc6 Kf6 66. Kd6 Kf7 67. Ke5 Kg7 68. Be6 Kg6 69. Bd5 Kg7 70. Kf5 Kh6 71. Kf6 Kh7 72. Kxg5 Kg7 73. Kf5 Kh7 74. g5 Kg7 75. g6 Kh8 76. Bf3 Kg7 77. Kg5 Kg8 78. Kf6 Kh8 79. g7+ Kh7 80. Be4+ Kg8 81. Bd5+ Kh7 82. g8Q+ Kh6 83. Qg6# 1-0

[Event "World School-ch U13"]
[Site "Rhodes"]
[Date "2023.04.16"]
[Round "3"]
[White "Tenguundalai, Ganbat"]
[Black "Bokhodirov, Abdulkodir"]
[Result "1-0"]
[WhiteElo "1347"]
[BlackElo "1651"]
[PlyCount "23"]
[EventDate "2023.04.14"]
[EventType "swiss"]
[EventRounds "9"]
[EventCountry "GRE"]
[SourceTitle "EXT 2024"]
[Source "ChessBase"]
[SourceDate "2023.10.10"]
[SourceVersion "1"]
[SourceVersionDate "2023.10.10"]
[SourceQuality "1"]

1. d4 Nf6 2. c4 e6 3. Nf3 b6 4. g3 Bb7 5. Bg2 Bb4+ 6. Bd2 Be7 7. 0-0 0-0 8. Qc2 c5 9. Nc3 Nc6 10. dxc5 Bxc5 11. a3 Rc8 12. Rfd1 1-0

[Event "Wch U12"]
[Site "Batumi"]
[Date "2022.09.27"]
[Round "11"]
[White "Durucay, Uygar"]
[Black "Bokhodirov, Abdulkodir"]
[Result "1/2-1/2"]
[WhiteElo "1918"]
[BlackElo "1470"]
[PlyCount "131"]
[EventDate "2022.09.16"]
[EventType "swiss"]
[EventRounds "11"]
[EventCountry "GEO"]
[SourceTitle "EXT 2023"]
[Source "ChessBase"]
[SourceDate "2022.10.05"]
[SourceVersion "1"]
[SourceVersionDate "2022.10.05"]
[SourceQuality "1"]

1. d4 Nf6 2. c4 g6 3. Nc3 Bg7 4. e4 d6 5. Nge2 0-0 6. Ng3 e5 7. d5 Nbd7 8. Be2 a5 9. h4 h5 10. Bg5 Qe8 11. Qd2 Nc5 12. f3 Nh7 13. Be3 b6 14. 0-0-0 f5 15. exf5 Bxf5 16. Bxc5 bxc5 17. Bd3 Qf7 18. Nge4 Bxe4 19. Bxe4 Nf6 20. Qd3 Nxe4 21. Nxe4 Rab8 22. Rdf1 Rb4 23. Rf2 Qf4+ 24. Kb1 Bh6 25. a3 Rb6 26. Ng5 Qf5 27. Qxf5 Rxf5 28. Ne6 c6 29. Re2 cxd5 30. cxd5 Rf7 31. Rg1 Rb3 32. Kc2 Rfb7 33. Rb1 c4 34. Nd8 R7b5 35. Nc6 c3 36. Kd3 Rxd5+ 37. Kc4 Rdb5 38. a4 Rb6 39. Ne7+ Kf7 40. Nd5 Rxb2 41. Rexb2 Rxb2 42. Nxc3 Rxg2 43. Ne4 Rh2 44. Kd5 g5 45. hxg5 Bf8 46. Rb7+ Kg6 47. Rb8 Bg7 48. Rd8 h4 49. Rxd6+ Kf5 50. Rd7 Kg6 51. Ke6 Rg2 52. Rd6 h3 53. Ke7+ Kf5 54. Kf7 h2 55. Kxg7 Kf4 56. Rh6 Kxf3 57. Rh4 Rg4 58. Rxh2 Rxe4 59. g6 Rxa4 60. Rh5 e4 61. Kh8 e3 62. g7 Rg4 63. Rxa5 Rh4+ 64. Kg8 e2 65. Ra3+ Kf2 66. Ra2 1/2-1/2

[Event "Wch U12"]
[Site "Batumi"]
[Date "2022.09.19"]
[Round "4"]
[White "Bokhodirov, Abdulkodir"]
[Black "Talgatov, Nazar"]
[Result "1-0"]
[WhiteElo "1470"]
[BlackElo "1827"]
[PlyCount "64"]
[EventDate "2022.09.16"]
[EventType "swiss"]
[EventRounds "11"]
[EventCountry "GEO"]
[SourceTitle "EXT 2023"]
[Source "ChessBase"]
[SourceDate "2022.10.05"]
[SourceVersion "1"]
[SourceVersionDate "2022.10.05"]
[SourceQuality "1"]

1. d4 Nf6 2. c4 g6 3. Nc3 Bg7 4. e4 d6 5. f3 0-0 6. Be3 e5 7. d5 c5 8. Qd2 Nh5 9. 0-0-0 Nd7 10. Bd3 a6 11. Nge2 Qa5 12. a3 Rb8 13. h4 b5 14. g4 Nf4 15. Nxf4 exf4 16. Bxf4 Ne5 17. Bxe5 Bxe5 18. Nb1 Qb6 19. b3 Bd7 20. Kc2 b4 21. axb4 Qxb4 22. Qxb4 Rxb4 23. Nc3 Rfb8 24. Rb1 Kf8 25. Rb2 a5 26. Rhb1 h6 27. Ra2 a4 28. Nxa4 h5 29. gxh5 gxh5 30. Nc3 Bf6 31. Nb5 Bxb5 32. cxb5 Bd4 1-0